| 000 | 00626nam a2200217Ia 4500 | ||
|---|---|---|---|
| 003 | OSt | ||
| 005 | 20230605105024.0 | ||
| 008 | 210423s2016 xx 000 0 und d | ||
| 020 | _a978-93-83662-18-0 | ||
| 040 | _cAL | ||
| 041 | _aeng | ||
| 082 | _a361.3 JAGS | ||
| 100 |
_aJAGADISH (B) _9119488 |
||
| 245 | _aSocial work approach in achieving millennium development goals | ||
| 260 |
_aJaipur _bprateeksha Publications _c2016 |
||
| 300 |
_aix,294 _bHB |
||
| 365 |
_b1295 _cINR |
||
| 650 |
_aSocial Work _9119489 |
||
| 906 | _aachieving ; approach ; development ; goals ; millennium ; Social ; work | ||
| 942 |
_2ddc _cBK |
||
| 999 |
_c176595 _d176595 |
||